| 000 | 01353nam a22001577a 4500 | ||
|---|---|---|---|
| 999 |
_c530014 _d530014 |
||
| 008 | 250521b ||||| |||| 00| 0 eng d | ||
| 100 |
_aWalker, Lydia _953599 |
||
| 245 | _aFrom War to Intervention: The Korean war and the Neutral Nations Repatriation Commission | ||
| 260 | _aU.S.I. Journal | ||
| 300 | _a155(639), Jan-Mar, 2025: p.153-162 | ||
| 520 | _aIn the Korean War's contested aftermath, a Neutral Nations Repatriation Commission (1953-54) handled the thorny issue of Prisoners of War who did not want to return to their own countries. General KS Thimayya, former Indian Chief of Army Staff, oversaw this prisoner exchange and resettlement program. His account of these events pinpointed how warfare had fundamentally changed since the World War II. In Korea, it was in neither side's best, long-term, and ideological interest to outright defeat ,disarm, and occupy the other. Far from the unique, one-off experience it is so often portrayed, the Repatriation Commission showcased how the Korean War and its uneasy truce were a new type of international intervention, one where combatants sought victory without conquest. | ||
| 650 |
_aNeutral Nations Repatriation Commission (1953-54), Korean War, International invention, United Nations (UN), World War II. _953576 |
||
| 773 | _0U.S.I. Journal | ||
| 906 | _aUNITED NATIONS | ||
| 942 | _cAR | ||